Biggest Cities in the United States - Statistics

General Stats
  • This quiz has been taken 37 times
    35 since last reset
  • The average score is 9 of 10
Answer Stats
State Answer Population % Correct
California Los Angeles 3.9 Million
100%
Texas Houston 2.3 Million
97%
New York New York City 8.9 Million
97%
California San Diego 1.4 Million
97%
Illinois Chicago 2.7 Million
94%
Pennsylvania Philadelphia 1.6 Million
94%
Texas San Antonio 1.4 Million
94%
Texas Dallas 1.3 Million
90%
Arizona Phoenix 1.6 Million
87%
California San Jose 1.0 Million
77%
No matching quizzes found
Score Distribution
Percent of People with Each Score
Percentile by Number Answered
Your Score History
You have not taken this quiz since the last reset